| 000 | 00602nam a22001937a 4500 | ||
|---|---|---|---|
| 005 | 20240215151655.0 | ||
| 010 | _aENG-139290 | ||
| 020 |
_a9789332542037 _c725.00 |
||
| 035 | _aEN-122822 | ||
| 037 | _bDBAD/PUB | ||
| 082 | _a621.366 | ||
| 100 |
_aK. Khalil ,Hassan _962150 |
||
| 245 |
_aNonlinear Systems/ _cHassan K. Khalil |
||
| 250 | _a3 | ||
| 260 |
_auttar pradesh _bPearson India Education Services Pvt.Ltd _c2014 |
||
| 270 |
_a15 floor ,Tower B,World Trade Tower,Plot no1,Block-C,Sector 16 _bNoida _e201301 |
||
| 300 |
_a566p. _c23cm(hbk) |
||
| 942 |
_2ddc _cEN _h621.366 _mKHA |
||
| 999 |
_c200799 _d200799 |
||